LIBRARY & INFORMATION CENTRE, KCAET, TAVANUR

ONLINE PUBLIC ACCESS CATALOGUE (OPAC)

Particles of modern physics / (Record no. 11052)

MARC details
000 -LEADER
fixed length control field 00448cam a2200181ua 4500
041 ## - LANGUAGE CODE
Language code of text/sound track or separate title eng
082 ## - DEWEY DECIMAL CLASSIFICATION NUMBER
Classification number 539
Item number STR/PA
100 ## - MAIN ENTRY--AUTHOR NAME
Personal name Stranathan, J D .
245 ## - TITLE STATEMENT
Title Particles of modern physics /
250 ## - EDITION STATEMENT
Edition statement 1 /
260 ## - PUBLICATION, DISTRIBUTION, ETC. (IMPRINT)
Place of publication New York :
Name of publisher McGraw Hill Book Company ,
Year of publication 1942.
300 ## - PHYSICAL DESCRIPTION
Number of Pages 583 ; .
942 ## - ADDED ENTRY ELEMENTS (KOHA)
Koha item type Books
Holdings
Withdrawn status Lost status Damaged status Home library Current library Date acquired Full call number Accession Number Koha item type
      KAUAET KAUAET 07/04/2012 539 STR/PA 5549 Books
free website counter